Text book of hydraulic machines (Record no. 10732)

000 -LEADER
fixed length control field 00441nam a22001817a 4500
001 - CONTROL NUMBER
control field 10732
003 - CONTROL NUMBER IDENTIFIER
control field BD-DhUET
008 - FIXED-LENGTH DATA ELEMENTS--GENERAL INFORMATION
fixed length control field 150209b xxu||||| |||| 00| 0 eng d
040 ## - CATALOGING SOURCE
Transcribing agency 0
Modifying agency BD-DhUET
082 ## - DEWEY DECIMAL CLASSIFICATION NUMBER
Classification number 621.2
Item number KHU/1985
100 ## - MAIN ENTRY--PERSONAL NAME
Personal name Khurmi, R. S.
245 ## - TITLE STATEMENT
Title Text book of hydraulic machines
250 ## - EDITION STATEMENT
Edition statement 14th ed.
260 ## - PUBLICATION, DISTRIBUTION, ETC. (IMPRINT)
Place of publication, distribution, etc. New Delhi
Name of publisher, distributor, etc. S. Chand
Date of publication, distribution, etc. 1985
300 ## - PHYSICAL DESCRIPTION
Extent vii, v.p.
Other physical details ill.
650 #0 - SUBJECT ADDED ENTRY--TOPICAL TERM
Topical term or geographic name as entry element Hydraulic Machines
942 ## - ADDED ENTRY ELEMENTS (KOHA)
Koha item type General Book
Holdings
Sublocation or collection (holding branch) Source of classification or shelving scheme Koha date last seen Koha normalized classification for sorting Price effective from Not for loan Date acquired Lost status Copy number Koha item type Damaged status Koha full call number Location (home branch) Withdrawn status Shelving location Piece designation (barcode)
Central Library, BUET 2015-02-09621_200000000000000_KHU_19852015-02-09 2015-02-09 1General Book 621.2/KHU/1985Central Library, BUET Circulation section64129
Central Library, BUET 2015-02-09621_200000000000000_KHU_19852015-02-09 2015-02-09 2General Book 621.2/KHU/1985Central Library, BUET Circulation section64154
Central Library, BUET 2015-02-09621_200000000000000_KHU_19852015-02-09 2015-02-09 3General Book 621.2/KHU/1985Central Library, BUET Circulation section64142
Central Library, BUET 2015-02-09621_200000000000000_KHU_19852015-02-09 2015-02-09 4General Book 621.2/KHU/1985Central Library, BUET Circulation section56685
Central Library, BUET 2015-06-22621_200000000000000_KHU_19852015-02-09 2015-02-09 5General Book 621.2/KHU/1985Central Library, BUET Circulation section64155
Central Library, BUET 2015-02-09621_200000000000000_KHU_19852015-02-09 2015-02-09 6General Book 621.2/KHU/1985Central Library, BUET Circulation section64132
Central Library, BUET 2015-02-09621_200000000000000_KHU_19852015-02-09 2015-02-09 7General Book 621.2/KHU/1985Central Library, BUET Circulation section64136
Central Library, BUET 2015-02-09621_200000000000000_KHU_19852015-02-09 2015-02-09 8General Book 621.2/KHU/1985Central Library, BUET Circulation section64153
Central Library, BUET 2015-02-09621_200000000000000_KHU_19852015-02-09 2015-02-09 9General Book 621.2/KHU/1985Central Library, BUET Circulation section64134
Central Library, BUET 2015-02-09621_200000000000000_KHU_19852015-02-09 2015-02-09 10General Book 621.2/KHU/1985Central Library, BUET Circulation section64150
Central Library, BUET 2015-02-09621_200000000000000_KHU_19852015-02-09 2015-02-09 11General Book 621.2/KHU/1985Central Library, BUET Circulation section64137
Central Library, BUET 2015-02-09621_200000000000000_KHU_19852015-02-09 2015-02-09 12General Book 621.2/KHU/1985Central Library, BUET Circulation section64139